Rules of thumb : for engineers and scientists (Record no. 543520)
[ view plain ]
| 000 -LEADER | |
|---|---|
| fixed length control field | 00425nam a22001457a 4500 |
| 020 ## - INTERNATIONAL STANDARD BOOK NUMBER | |
| International Standard Book Number | 0-87201-786-9 |
| 082 ## - DEWEY DECIMAL CLASSIFICATION NUMBER | |
| Classification number | 500 |
| Author Mark | RUL |
| -- | L-37, P-150 |
| 100 ## - MAIN ENTRY--PERSONAL NAME | |
| Personal name | Fisher, David |
| 9 (RLIN) | 38904 |
| 245 ## - TITLE STATEMENT | |
| Title | Rules of thumb : for engineers and scientists |
| 260 ## - PUBLICATION, DISTRIBUTION, ETC. | |
| Place of publication, distribution, etc. | Gulf Publishing Company. |
| Name of publisher, distributor, etc. | Houston. |
| Date of publication, distribution, etc. | 1991. |
| 300 ## - PHYSICAL DESCRIPTION | |
| Extent | xiv, 242 p, : |
| Other physical details | ill, " |
| Dimensions | 12 Cm |
| 526 ## - STUDY PROGRAM INFORMATION NOTE | |
| Program name | 0 |
| Interest level | 0 |
| Reading level | 0 |
| Title point value | 500_000000000000000_RUL |
| 650 ## - SUBJECT ADDED ENTRY--TOPICAL TERM | |
| Topical term or geographic name entry element | MCE |
| 9 (RLIN) | 379 |
| 942 ## - ADDED ENTRY ELEMENTS (KOHA) | |
| Source of classification or shelving scheme | |
| Koha item type | Book |
| Withdrawn status | Lost status | Source of classification or shelving scheme | Damaged status | Not for loan | Permanent Location | Current Location | Date acquired | Total Checkouts | Full call number | Barcode | Date last seen | Price effective from | Koha item type |
|---|---|---|---|---|---|---|---|---|---|---|---|---|---|
| Military College of Engineering (MCE) | Military College of Engineering (MCE) | 03/26/2014 | 500 RUL | MCE-28866 | 03/26/2014 | 03/26/2014 | Book |
